• 首页
  • 本馆介绍
  • 公告通知
  • 最新文献
  • 馆藏检索
  • 电子资源
  • 读者导购
  • 参考咨询
  • 我的图书馆
  • 登录
  • 详细信息显示
  • 放入我的书架
  • 预约/预借图书
  • 作者相关作品
  • 分类相关作品
  • 丛书相关作品
  • 出版社相关作品

书目信息

  • 表格格式
  • 工作单格式
  • 卡片格式
题名:
未来图书馆
    
 
作者: 曹慧芳 著
分册:  
出版信息: 沈阳   辽宁大学出版社  2020
页数: 113页
开本: 24cm
丛书名:
单 册:
中图分类: G250.1
科图分类:
主题词: 图书馆发展--tu shu guan fa zhan--研究
电子资源:
ISBN: 978-7-5698-0184-2
000 01126nam0 2200253 450
001 2156264957
005 20211011172911.0
010    @a978-7-5698-0184-2@dCNY49.90
100    @a20210308d2020 em y0chiy50 ea
101 0  @achi
102    @aCN@b210000
105    @ay az 000yy
106    @ar
200 1  @a未来图书馆@Awei lai tu shu guan@f曹慧芳著
210    @a沈阳@c辽宁大学出版社@d2020
215    @a113页@d24cm
314    @a曹慧芳,女,苏州市职业大学图书馆馆员。
320    @a有书目
330    @a让历史告诉未来,让明天启示今朝。作者通过追寻中国古代和世界公共图书馆事业发展的历程,比较全景式的阐述现代图书馆理念,结合当下信息科技突飞猛进的趋势,大胆畅想未来图书馆的模样。作者提出,图书馆通过与科技高度融合,与教育、科研高度融合,与相关产业高度融合,从而让图书馆走向未来。未来图书馆应该是一个全球化的互联互通、资源共享的平台;是一个没有边界的海量数据库;是一个以人为本、用户体验友好的信息载体;是一个让人充分享有自由、个性得到解放的学习工具。
606 0  @a图书馆发展@Atu shu guan fa zhan@x研究
690    @aG250.1@v5
701  0 @a曹慧芳@Acao hui fang@4著
801  0 @aCN@b百万庄@c20211006
905    @b1305274-77@dG250.1@e168@f4
    
    未来图书馆/曹慧芳著.-沈阳:辽宁大学出版社,2020
    113页;24cm
    
    
    ISBN 978-7-5698-0184-2:CNY49.90
    让历史告诉未来,让明天启示今朝。作者通过追寻中国古代和世界公共图书馆事业发展的历程,比较全景式的阐述现代图书馆理念,结合当下信息科技突飞猛进的趋势,大胆畅想未来图书馆的模样。作者提出,图书馆通过与科技高度融合,与教育、科研高度融合,与相关产业高度融合,从而让图书馆走向未来。未来图书馆应该是一个全球化的互联互通、资源共享的平台;是一个没有边界的海量数据库;是一个以人为本、用户体验友好的信息载体;是一个让人充分享有自由、个性得到解放的学习工具。
●
相关链接 在E读中查询图书 在五车中查询图书 在当当中查询图书 在豆瓣中查询图书


正题名:未来图书馆     索取号:G250.1/168         预约/预借

序号 登录号 条形码 馆藏地/架位号 状态 备注
1 1305274   213052747   第一样本阅览室/ [索取号:G250.1/168] 在馆    
2 1305275   213052756   第四借阅区/ [索取号:G250.1/168] 在馆    
3 1305276   213052765   第四借阅区/ [索取号:G250.1/168] 在馆    
4 1305277   213052774   第四借阅区/ [索取号:G250.1/168] 在馆    
唐山师范学院图书馆 欢迎您!
大连网信软件有限公司© 版权所有